000 01055nam a2200193 i 4500
001 163920
003 ES-MaACL
005 20230906212834.0
008 050722s1872 sp |||| | spa d
100 1 _aRomea, Alvaro.
_999279
245 1 0 _aPor buscar el remedio _ :
_bjuguete cómico en un acto y en verso /
_coriginal de Álvaro Romea y Constantino Gil y Luengo.
260 _aMadrid :
_b[s.n.],
_c1872 (
_fImp. de José Rodríguez)
300 _a28 p. ;
_c18 cm.
500 _aEstrenado con extraordinario aplauso en el Teatro de Variedades, el 19 de enero de 1872.
610 2 4 _aAteneo de Madrid-
_vRifas benéficas.
_91934
650 4 _aTerremotos-
_zAndalucía-
_yS.XIX.
_917487
700 1 _aGil, Constantino.
_956721
852 _aES-MaACL
_jT-370-F-2
_z- Enc. hol., falto de cub. original
_z- Enc. en un vol. facticio
_z- Dedicatoria autógrafa en antep.: "Para la rifa verificada en el Ateneo Científico, Artístico y Literario de Madrid, a beneficio de las víctimas de los terremotos de Andalucía. Constantino Gil, Madrid, 15 de enero de 1885"
999 _c163920
_d163920